|
|
|
|
| LEADER |
00000cas a22000004a 4500 |
| 001 |
vtls009496001 |
| 003 |
SK-MaSNL |
| 005 |
20260228155939.0 |
| 008 |
141119d19931994xo r p| 0 b0slo c |
| 040 |
|
|
|a SVKPO
|b slo
|c SVKPO
|e AACR2
|
| 041 |
0 |
|
|a slo
|
| 044 |
|
|
|a xo
|c SK
|
| 072 |
|
7 |
|a 338.3/.4
|x Hospodárske a výrobné odvetvia
|2 konspekt
|
| 072 |
|
7 |
|a 66
|x Chemický priemysel. Chemická technológia
|2 konspekt
|
| 080 |
|
|
|a 66
|2 2001
|
| 080 |
|
|
|a 050
|2 2001
|
| 080 |
|
|
|a 338/45
|2 2001
|
| 245 |
0 |
0 |
|a Chemlon Chemes
|b časopis pre pracovníkov Chemlonu, a.s. a š.p. Chemes
|
| 260 |
|
|
|a Humenné
|b Chemlon
|c 1993-1994
|
| 300 |
|
|
|a 2 zv.
|c 45 cm
|
| 310 |
|
|
|a Periodicita sa nedá určiť
|b 1994
|
| 321 |
|
|
|a 1x za 2 týždne
|b 1993
|
| 362 |
0 |
|
|a Roč. XXVIII, č. 1 (jan. 1993) - roč. XXIX, č. 13-14 (dec. 1994)
|
| 500 |
|
|
|a Ved. red.: Ján Vitoslavský
|
| 515 |
|
|
|a Niektoré čísla vychádzajú ako dvojčíslo
|
| 580 |
|
|
|a Predtým vychádzal ako Chemlon
|
| 580 |
|
|
|a Od r. 1995 pokračuje ako Chemes
|
| 610 |
2 |
7 |
|a Chemlon (Humenné, Slovensko)
|2 SNKKA
|9 35481
|
| 650 |
0 |
7 |
|a priemysel
|2 SNKPH
|9 1618
|
| 650 |
0 |
7 |
|a chemický priemysel
|2 SNKPH
|9 69615
|
| 655 |
|
7 |
|a podnikové periodiká
|2 SNKPH
|9 132333
|
| 700 |
1 |
|
|a Vitoslavský, Ján
|4 pbd
|9 265649
|
| 710 |
2 |
|
|a Chemlon (Humenné, Slovensko)
|4 pbl
|9 35481
|
| 780 |
0 |
0 |
|t Chemlon
|x 1210-2229
|w vtls009495991
|
| 785 |
0 |
0 |
|t Chemes
|w vtls008420244
|
| 910 |
|
|
|a snk
|
| 910 |
|
|
|a svkpo
|
| 916 |
|
|
|a 1993-1994
|
| 958 |
|
|
|a OND
|
| 999 |
|
|
|c 967
|d 967
|
| 952 |
|
|
|0 0
|1 0
|4 0
|7 0
|a SNK
|b SNK
|d 2009-09-10
|i snkČSP 2346/2000
|l 0
|o snkČSA 704/29/1994 D1
|p 17A0629152
|r 2026-02-21 19:31:16
|t č. 1-14, neúplné
|w 2026-02-21
|y PREZ
|z Chýba č. 1
|
| 952 |
|
|
|0 0
|1 0
|4 0
|7 0
|a SNK
|b SNK
|d 2014-09-25
|f 1
|i snkČSP 2243/94
|l 0
|o snkČSA 704/28/1993
|p 17A0790270
|r 2026-02-21 19:33:45
|t č. 1-15
|w 2026-02-21
|y PREZ
|
| 952 |
|
|
|0 0
|1 0
|4 0
|7 0
|a SNK
|b SNK
|d 2014-09-25
|f 1
|i snkČSP 2345/2000
|l 0
|o snkČSA 704/29/1994
|p 17A0790484
|r 2026-02-21 20:13:58
|t č. 1-14, neúplné
|w 2026-02-21
|y PREZ
|z Chýba č. 1
|